Sports Quiz

Random Sports or NFL Quiz

Best NFL Franchise Records Quiz Stats

 Plays Quiz not verified by Sporcle

Challenge
Share
Tweet
Embed
Score 0/15 Timer 02:00
0 Plays Today
Won-Loss Percentage NFL Franchise % Correct
.578Dallas Cowboys
94.9%
.556Green Bay Packers
92.2%
.549New York Giants
90%
.552San Francisco 49ers
87.6%
.580Chicago Bears
87.1%
.580Miami Dolphins
86.2%
.526Indianapols Colts (Baltimore Colts)
83.2%
.554Oakland Raiders
81.2%
Won-Loss Percentage NFL Franchise % Correct
.553Minnesota Vikings
77.7%
.520Washington Redskins
77.5%
.531Denver Broncos
70.8%
.524Baltimore Ravens
69.9%
.556Cleveland Browns
68.2%
.521Kansas City Chiefs
66%
.524Jacksonville Jaguars
58.7%

You're not logged in!

Compare scores with friends on all Sporcle quizzes.
OR
Log In

You Might Also Like...

Show Comments

Extras

Top Quizzes Today


Score Distribution

Your Account Isn't Verified!

In order to create a playlist on Sporcle, you need to verify the email address you used during registration. Go to your Sporcle Settings to finish the process.

Report this User

Report this user for behavior that violates our Community Guidelines.

Details: